| 000 | 00860nam a2200265 i 4500 | ||
|---|---|---|---|
| 001 | bg | ||
| 100 | 1 | _aKILIAN, Alina. | |
| 245 | 0 | 0 |
_aSłownik języka prawniczego i ekonomicznego. _nT.2, _pniemiecko-polski / _coprac. Alina Kilian ; we współpr. z Götzem Hanckel. |
| 246 | 1 | 1 | _aWörterbuch der Rechts- und Wirtschaftssprache |
| 260 |
_aWarszawa : _bC.H. Beck, _c1996. |
||
| 300 |
_aXIV, 753 s. ; _c20 cm. |
||
| 500 | _aTyt. równol.: örterbuch der Rechts- und Wirtschaftssprache. Bd.2, deutsch-polnisch. | ||
| 650 | 9 | _aNauki ekonomiczne | |
| 650 | 9 | _aPrawo | |
| 650 | 9 | _aSłownik niemiecko-polski | |
| 655 | _aSłowniki | ||
| 700 | 1 | _aHANCKEL, Götz. | |
| 020 | _a8371108729 | ||
| 040 | _cBPK | ||
| 041 | 0 | _adepl | |
| 080 | _a34+33](038)=112.2=162.1 | ||
| 920 | _a83-7110-872-9 | ||
| 942 | _cKS | ||
| 008 | s pl f |000 0 pol | ||
| 999 |
_c40024 _d40024 |
||
| 856 |
_uhttp://koha.tu.koszalin.pl/cgi-bin/koha/opac-detail.pl?biblionumber=40024 _yKatalog online BPK |
||